Twentieth-century museums II / (Record no. 28802)
[ view plain ]
| 000 -LEADER | |
|---|---|
| fixed length control field | 01482cam a2200385 i 4500 |
| 001 - CONTROL NUMBER | |
| control field | vtls002756760 |
| 003 - CONTROL NUMBER IDENTIFIER | |
| control field | MY-SjTCS |
| 005 - DATE AND TIME OF LATEST TRANSACTION | |
| control field | 20200306154439.0 |
| 008 - FIXED-LENGTH DATA ELEMENTS--GENERAL INFORMATION | |
| fixed length control field | 110218s1999 enka 00 0 eng d |
| 020 ## - INTERNATIONAL STANDARD BOOK NUMBER | |
| International Standard Book Number | 0714838799 |
| 039 #9 - LEVEL OF BIBLIOGRAPHIC CONTROL AND CODING DETAIL [OBSOLETE] | |
| Level of rules in bibliographic description | 201809071438 |
| Level of effort used to assign nonsubject heading access points | VLOAD |
| Level of effort used to assign subject headings | 201606091305 |
| Level of effort used to assign classification | shuhada |
| Level of effort used to assign subject headings | 201102181436 |
| Level of effort used to assign classification | VLOAD |
| Level of effort used to assign subject headings | 201008231345 |
| Level of effort used to assign classification | haizir |
| -- | 200407271953 |
| -- | VLOAD |
| 040 ## - CATALOGING SOURCE | |
| Description conventions | rda |
| 082 04 - DEWEY DECIMAL CLASSIFICATION NUMBER | |
| Classification number | 727.6 |
| Item number | TWE |
| 245 00 - TITLE STATEMENT | |
| Title | Twentieth-century museums II / |
| Statement of responsibility, etc. | [introduction by James S. Russell] |
| 264 #1 - PRODUCTION, PUBLICATION, DISTRIBUTION, MANUFACTURE, AND COPYRIGHT NOTICE | |
| Place of production, publication, distribution, manufacture | London : |
| Name of producer, publisher, distributor, manufacturer | Phaidon Press, |
| Date of production, publication, distribution, manufacture, or copyright notice | 1999. |
| 300 ## - PHYSICAL DESCRIPTION | |
| Extent | 1 volume (unpaged) : |
| Other physical details | illustrations (some colour) ; |
| Dimensions | 31 cm |
| 336 ## - CONTENT TYPE | |
| Content type term | text |
| Source | rdacontent |
| 337 ## - MEDIA TYPE | |
| Media type term | unmediated |
| Source | rdamedia |
| 338 ## - CARRIER TYPE | |
| Carrier type term | volume |
| Source | rdacarrier |
| 490 1# - SERIES STATEMENT | |
| Series statement | Architecture 3s |
| 600 10 - SUBJECT ADDED ENTRY--PERSONAL NAME | |
| Personal name | Freed, James Ingo |
| General subdivision | Criticism and interpretation. |
| 9 (RLIN) | 211914 |
| 600 10 - SUBJECT ADDED ENTRY--PERSONAL NAME | |
| Personal name | Isozaki, Arata |
| General subdivision | Criticism and interpretation. |
| 9 (RLIN) | 211915 |
| 610 20 - SUBJECT ADDED ENTRY--CORPORATE NAME | |
| Corporate name or jurisdiction name as entry element | Gunma Kenritsu Kindai Bijutsukan. |
| 9 (RLIN) | 211916 |
| 610 20 - SUBJECT ADDED ENTRY--CORPORATE NAME | |
| Corporate name or jurisdiction name as entry element | James Stirling, Michael Wilford, and Associates |
| General subdivision | Criticism and interpretation. |
| 9 (RLIN) | 211917 |
| 610 20 - SUBJECT ADDED ENTRY--CORPORATE NAME | |
| Corporate name or jurisdiction name as entry element | United States |
| Subordinate unit | Holocaust Memorial Museum. |
| 9 (RLIN) | 211918 |
| 650 #0 - SUBJECT ADDED ENTRY--TOPICAL TERM | |
| Topical term or geographic name entry element | Architecture, Modern |
| Chronological subdivision | 20th century. |
| 9 (RLIN) | 10674 |
| 650 #0 - SUBJECT ADDED ENTRY--TOPICAL TERM | |
| Topical term or geographic name entry element | Museum architecture. |
| 9 (RLIN) | 209653 |
| 700 1# - ADDED ENTRY--PERSONAL NAME | |
| Personal name | Dannatt, Adrian. |
| 9 (RLIN) | 211919 |
| 700 1# - ADDED ENTRY--PERSONAL NAME | |
| Personal name | Drew, Philip, |
| Dates associated with a name | 1943- |
| 9 (RLIN) | 93255 |
| 700 1# - ADDED ENTRY--PERSONAL NAME | |
| Personal name | Jenkins, David, |
| Dates associated with a name | 1957- |
| 9 (RLIN) | 10676 |
| 700 1# - ADDED ENTRY--PERSONAL NAME | |
| Personal name | Russell, James S. |
| 9 (RLIN) | 211920 |
| 740 0# - ADDED ENTRY--UNCONTROLLED RELATED/ANALYTICAL TITLE | |
| Uncontrolled related/analytical title | Architecture in detail. |
| 830 #0 - SERIES ADDED ENTRY--UNIFORM TITLE | |
| Uniform title | Architecture 3s. |
| 9 (RLIN) | 201775 |
| 920 ## - Programme | |
| Programme | SABD : 523336 |
| Withdrawn status | Lost status | Source of classification or shelving scheme | Damaged status | Not for loan | Home library | Current library | Date acquired | Total Checkouts | Barcode | Date last seen | Date last checked out | Copy number | Koha item type | Public note |
|---|---|---|---|---|---|---|---|---|---|---|---|---|---|---|
| Missing Stock take | Dewey Decimal Classification | Taylor's Library-TU | Taylor's Library-TU | 27/07/2004 | 22 | 1000117289 | 05/12/2019 | 16/03/2011 | 1 | Main Collection | SABDx,27000,02,CL |